01006nam a22002297a 4500008004100000020002200041050002000063100002300083240006000106245013000166260004100296300003500337336001000372337001500382338001200397500006700409505018800476650002300664650003700687650002300724700002900747131030t 2008ge ||||| |||| 00| 0 spa d a978-3-8228-5786-1 aNC730 G725 2008 aGray, Petereautor aThe Complete Guide to Drawing & IllustrationlEspañol aAprender a dibujar b: Guía práctica de dibujo para principiantes y avanzadosc/ Peter Gray; tr. Marta Millán i Ariño aKöln, Germanyb: Evergreenc, 2008 a304 páginasb: ilustraciones atexto asin medio  avolumen aTraducción de: The Complete Guide to Drawing & Illustration. aLos primeros trazos Objetos y observación El Paisaje de la Naturaleza Visita a la ciudad Dibujar rostros La figura humana La creación de personajes El reino animal  aDIBUJO xTÉCNICA aDIBUJO xESTUDIO Y ENSEÑANZA. aDISEÑO GRÁFICO aI. MILLÁN, Marta ; tr.